000 01656nam0a22003011 4500
001 rc\4001444
005 20130415124444.5
021 _aRU
_b[51-11451]
035 _a(NLR Aleph) 007943683
090 _a8294760
_c8294760
100 _a20130415d1951 |||y0rusy50 ca
101 0 _arus
102 _aRU
105 _ay b |||||
200 1 _aКаталог единичных расценок на общестроительные, специальные строительные и ремонтные работы для III и IV групп строительств Воронежской области и города Воронежа и ремонтные работы I группы по городу Воронежу
_e(В ценах, введ. с 1 VII 1950 г.)
_e[Утв. Воронежск. облисполкомом]
_fМКХ РСФСР. Воронежск. обл. проектно-изыскательский трест "Облпроект"
210 _aВоронеж
_cБ. и.
_d1951
215 _a362 с.
_d20
300 _aНа обороте тит. л. сост.: инженеры Е.М. Иванов, А.И. Забельская, С.У. Мансуров, В.А. Богатырев
702 1 _aМансуров
_bС. У.
_4220
702 1 _aБогатырев
_bВ. А.
_4220
702 1 _aЗабельская
_bА. И.
_4220
702 1 _aИванов
_bЕ. М.
_4220
710 1 2 _aВоронежский обл. совет депутатов трудящихся. Исполнительный комитет
801 0 _aRU
_bNLR
_gpsbo
801 1 _aRU
_bELAR
_2rusmarc
852 _aNLR
_jТ80 Г-3/291
942 _cBOOK
980 _aNB